UM Logo

The Law on obligations and contracts/ (Record no. 1141)

MARC details
000 -LEADER
fixed length control field 00645nam a22001937a 4500
008 - FIXED-LENGTH DATA ELEMENTS--GENERAL INFORMATION
fixed length control field 160227b xxu||||| |||| 00| 0 eng d
020 ## - INTERNATIONAL STANDARD BOOK NUMBER
International Standard Book Number 9712360046
082 ## - DEWEY DECIMAL CLASSIFICATION NUMBER
Edition number 2011
Classification number DFil 346.07
Item number D37l
100 ## - MAIN ENTRY--PERSONAL NAME
9 (RLIN) 3205
Personal name De Leon, Hector S.
245 ## - TITLE STATEMENT
Title The Law on obligations and contracts/
Statement of responsibility, etc. Hector S. De Leon and Hector M. De Leon.
250 ## - EDITION STATEMENT
Edition statement 2011 Revised Edition
260 ## - PUBLICATION, DISTRIBUTION, ETC. (IMPRINT)
Place of publication, distribution, etc. Manila :
Name of publisher, distributor, etc. Rex Book Store ,
Date of publication, distribution, etc. ©2011.
300 ## - PHYSICAL DESCRIPTION
Extent xxiii, 465 pages ;
Dimensions 23 cm.
650 #0 - SUBJECT ADDED ENTRY--TOPICAL TERM
9 (RLIN) 3207
Topical term or geographic name as entry element Commercial law
650 #0 - SUBJECT ADDED ENTRY--TOPICAL TERM
9 (RLIN) 3209
Topical term or geographic name as entry element Obligation (Law)
Geographic subdivision Philippines
650 #0 - SUBJECT ADDED ENTRY--TOPICAL TERM
9 (RLIN) 3210
Topical term or geographic name as entry element Contracts
Geographic subdivision Philippines
700 ## - ADDED ENTRY--PERSONAL NAME
9 (RLIN) 3211
Personal name De Leon, Hector M.
942 ## - ADDED ENTRY ELEMENTS (KOHA)
Source of classification or shelving scheme Dewey Decimal Classification
Koha item type Reserve
Holdings
Withdrawn status Lost status Source of classification or shelving scheme Damaged status Not for loan Collection code Home library Current library Shelving location Date acquired Source of acquisition Total Checkouts Full call number Barcode Date last seen Date last checked out Copy number Price effective from Koha item type Cost, normal purchase price Total Renewals
    Dewey Decimal Classification     Filipiniana UM Digos College - LIC UM Digos College - LIC Book Cart 08/10/2012 Purchased 39 DFil 346.07 D37l 2011 21892 05/15/2025 01/22/2024 1 02/27/2016 Filipiniana    
    Dewey Decimal Classification     Filipiniana UM Digos College - LIC UM Digos College - LIC Book Cart 08/29/2018 Purchased 38 DFil 346.07 D37l 2014 25257 10/07/2025 10/06/2025 2 10/22/2018 Filipiniana 499.00  
    Dewey Decimal Classification     Filipiniana UM Digos College - LIC UM Digos College - LIC Book Cart 08/29/2018 Purchased 30 DFil 346.07 D37l 2014 25258 10/09/2025 10/07/2025 3 10/22/2018 Filipiniana 499.00 1